Street children / (Record no. 31375)

MARC details
000 -LEADER
fixed length control field 00910cam a22002415a 4500
005 - DATE AND TIME OF LATEST TRANSACTION
control field 20091103014612.0
008 - FIXED-LENGTH DATA ELEMENTS--GENERAL INFORMATION
fixed length control field 090911s2009 ii ab b 100 0 eng d
010 ## - LCCN (DPL NO)
LC control number ENG-95327
020 ## - INTERNATIONAL STANDARD BOOK NUMBER
International Standard Book Number 9788131305935
Terms of availability 595.00
035 ## - SYSTEM CONTROL NUMBER
System control number EN-78860
037 ## - SOURCE OF ACQUISITION
Stock number DBAD/PUB
040 ## - CATALOGING SOURCE
Original cataloging agency DPL
Language of cataloging eng
082 ## - DEWEY DECIMAL CLASSIFICATION NUMBER
Classification number 362.76
100 ## - MAIN ENTRY--PERSONAL NAME
Personal name Suriyan, K.
245 ## - TITLE STATEMENT
Title Street children /
Statement of responsibility, etc by K. Suriyan
260 ## - PUBLICATION, DISTRIBUTION, ETC. (IMPRINT)
Place of publication, distribution, etc New Delhi :
Name of publisher, distributor, etc APH Publishing Corporation
Date of publication, distribution, etc 2009.
270 ## - ADDRESS
Address 4435-36/7. Ansari road, Darya Ganj
City New Delhi
Postal code 110002
300 ## - PHYSICAL DESCRIPTION
Extent xii, 206p.
Dimensions 22 cm. (Hb)
520 ## - SUMMARY, ETC.
Summary, etc Contributed articles.
942 ## - ADDED ENTRY ELEMENTS (KOHA)
Source of classification or shelving scheme Dewey Decimal Classification
Item type English Books
Call number suffix SUR
Classification part 362.76
Holdings
Withdrawn status Lost status Source of classification or shelving scheme Damaged status Not for loan Collection code Home library Current library Date acquired Source of acquisition Cost, normal purchase price Total Checkouts Full call number Barcode Date last seen Copy number Cost, replacement price Koha item type
    Dewey Decimal Classification   Not For Loan Non-fiction D.B.Act.Division D.B.Act.Division 05/11/2009 DBAD / PUB 595.00   362.76 SUR EN-78860 05/11/2009 1 595.00 English Books

© Delhi Public Library
Hit Counter
free hit counter